000 00407nam a2200181Ia 4500
001 9939
005 20260306161755.0
008 260306t1959||||xx |||||||||||||| ||spa||
041 _aESP
082 _a808.8
_bO693Q
100 _aAristotelis
_eAUT
245 0 _aArs rhetorica
260 _c1959
300 _axiii, 206 páginas :
_c19 cm.
650 _aGEN
654 _aCHU
942 _cLIB
_dJUS
_fJUS
_2ddc
_n
999 _c9939
_d9939